| 000 | 00901cab a2200205 4500 | ||
|---|---|---|---|
| 001 | L136894 | ||
| 008 | 070228n2005 000 0 eng u | ||
| 035 | _a(Sirsi) u136894 | ||
| 041 | 0 | _aeng | |
| 100 | 1 | _aLangston, Craig | |
| 245 | 0 | 0 |
_aUsing the Big Mac index for comparing construction costs internationally _h[electronic resource] |
| 260 |
_aBrisbane _bQueensland University of Technology _c2005 |
||
| 490 | 0 |
_aCOBRA _v2005 |
|
| 520 | _aDiscusses the use of purchasing power parity (PPP) in the comparison of construction costs between different countries, and whether the development of construction-specific indices will improve reliability. | ||
| 651 | 4 | _aInternational | |
| 690 | _aBUILT ENVIRONMENT-BUILDING COSTS | ||
| 700 | 1 | _aBest, Rick | |
| 856 | 4 | 0 |
_uhttps://www.rics.org/site/scripts/download_info.aspx?downloadID=2608 _zView the item free of charge at www.rics.org... |
| 942 | _n0 | ||
| 999 |
_c78486 _d78486 |
||